Państwa z największą liczbą drapaczy chmur na mieszkańca - Statystyki

Ogólne statystyki
  • Ten quiz został rozwiązany 5 130 razy
    1 697 od ostatniego zresetowania
  • Średni wynik to 14 z 20
Statystyki odpowiedzi
Wskaźnik Państwo % Poprawnych
2,59 Stany Zjednoczone
98%
2,31 Chiny
92%
2,3 Japonia
90%
4,06 Kanada
88%
30 Zjednoczone Emiraty Arabskie
88%
16,7 Singapur
83%
1,28 Arabia Saudyjska
82%
5,44 Korea Południowa
82%
17,8 Katar
80%
6 Australia
77%
3,61 Kuwejt
70%
11,7 Bahrajn
69%
8,5 Malezja
67%
1,84 Tajlandia
66%
1,68 Tajwan
66%
3,81 Izrael
59%
0,87 Turcja
58%
26,3 Monako
53%
1,1 Filipiny
48%
14,7 Panama
30%
Nie znaleziono quizów pasujących do podanych kryteriów
Rozkład punktacji
Procent ludzi z każdym wynikiem
Percentyl według liczby udzielonych odpowiedzi
Twoja historia wyników
Nie rozwiązałeś tego quizu od ostatniego zresetowania